Transformers Beginnings (Record no. 50933)
[ view plain ]
| 000 -LEADER | |
|---|---|
| fixed length control field | 04406cgm a2200949Ia 4500 |
| 003 - CONTROL NUMBER IDENTIFIER | |
| control field | OCoLC |
| 005 - DATE AND TIME OF LATEST TRANSACTION | |
| control field | 20241220121328.0 |
| 007 - PHYSICAL DESCRIPTION FIXED FIELD--GENERAL INFORMATION | |
| fixed length control field | vd cvaizq |
| 008 - FIXED-LENGTH DATA ELEMENTS--GENERAL INFORMATION | |
| fixed length control field | 070830s2007 cau143 g vleng d |
| 001 - CONTROL NUMBER | |
| control field | ocn166434072 |
| 035 ## - SYSTEM CONTROL NUMBER | |
| System control number | (Sirsi) a110774 |
| 040 ## - CATALOGING SOURCE | |
| Original cataloging agency | TEFMT |
| Transcribing agency | TEFMT |
| Modifying agency | TEF |
| -- | RL9 |
| -- | MNL |
| -- | BTCTA |
| -- | UINTA |
| 020 ## - INTERNATIONAL STANDARD BOOK NUMBER | |
| International Standard Book Number | 1415736634 |
| 020 ## - INTERNATIONAL STANDARD BOOK NUMBER | |
| International Standard Book Number | 9781415736630 |
| 024 1# - OTHER STANDARD IDENTIFIER | |
| Standard number or code | 097363455349 |
| 028 41 - PUBLISHER NUMBER | |
| Publisher number | 34553 |
| Source | Paramount Home Entertainment |
| 035 ## - SYSTEM CONTROL NUMBER | |
| System control number | (OCoLC)166434072 |
| 037 ## - SOURCE OF ACQUISITION | |
| Source of stock number/acquisition | Midwest Tape |
| Note | http://www.midwesttapes.com |
| 041 1# - LANGUAGE CODE | |
| Language code of text/sound track or separate title | eng |
| -- | fre |
| -- | spa |
| Language code of summary or abstract/overprinted title or subtitle | eng |
| -- | fre |
| -- | spa |
| Language code of original and/or intermediate translations of text | eng |
| 043 ## - GEOGRAPHIC AREA CODE | |
| Geographic area code | r------ |
| -- | n-us--- |
| -- | a-qa--- |
| 050 14 - LIBRARY OF CONGRESS CALL NUMBER | |
| Classification number | PN1995.9.A3 |
| Item number | T73674676477 2007 |
| 082 04 - DEWEY DECIMAL CLASSIFICATION NUMBER | |
| Classification number | 791.43/72 |
| Edition number | 22 |
| 049 ## - LOCAL HOLDINGS (OCLC) | |
| Holding library | UCLB |
| 092 ## - LOCALLY ASSIGNED DEWEY CALL NUMBER (OCLC) | |
| Classification number | 791.437 |
| 130 0# - MAIN ENTRY--UNIFORM TITLE | |
| Uniform title | Transformers Beginnings (Motion picture : 2007) |
| 9 (RLIN) | 6178644 |
| 245 10 - TITLE STATEMENT | |
| Title | Transformers Beginnings |
| Medium | [videorecording] / |
| Statement of responsibility, etc | DreamWorks SKG ; Hasbro in association with Di Bonaventura Pictures ; Paramount Pictures ; SprocketHeads ; ThinkFilm ; produced by Ian Bryce ... [et a;/] ; story by John Rogers and Roberto Orci & Alex Kurtzman ; screenplay by Roberto Orci & Alex Kurtzman ; directed by Michael Bay. |
| 260 ## - PUBLICATION, DISTRIBUTION, ETC. (IMPRINT) | |
| Place of publication, distribution, etc | Hollywood, Calif. : |
| Name of publisher, distributor, etc | Paramount Home Entertainment, |
| Date of publication, distribution, etc | c2007. |
| 300 ## - PHYSICAL DESCRIPTION | |
| Extent | 1 videodisc (143 min.) : |
| Other physical details | sd., col. ; |
| Dimensions | 4 3/4 in. |
| 538 ## - SYSTEM DETAILS NOTE | |
| System details note | DVD; region 1; widescreen presentation. |
| 546 ## - LANGUAGE NOTE | |
| Language note | Closed-captioned; in English (Dolby Digital 5.1 surround), French (Dolby Surround 5.1) or Spanish (Dolby Surround 5.1) with optional subtitles in English, French or Spanish. |
| 511 1# - PARTICIPANT OR PERFORMER NOTE | |
| Participant or performer note | Shia LaBeouf, Megan Fox, Josh Duhamel, Tyrese Gibson, Rachael Taylor, Anthony Anderson, Jon Voight, John Turturro. |
| 511 0# - PARTICIPANT OR PERFORMER NOTE | |
| Participant or performer note | Voices: Peter Cullen, Mark Ryan. |
| 508 ## - CREATION/PRODUCTION CREDITS NOTE | |
| Creation/production credits note | Director of photography, Mitchell Amundsen ; editors, Thomas A. Muldoon, Paul Rubell, Glen Scantlebury ; music, Steve Jablonsky ; costume designer, Deborah L. Scott ; production designer, Jeff Mann ; special effects supervisor, John Frazier ; visual effects supervisor, Richard Kidd. |
| 521 8# - TARGET AUDIENCE NOTE | |
| Target audience note | MPAA rating: PG-13; for intense sequences of sci-fi action violence, brief sexual humor, and language. |
| 520 ## - SUMMARY, ETC. | |
| Summary, etc | This is the prequel to the 2007 blockbuster movie. It is set before Optimus Prime and Megatron came to Earth. Set on their home planet of Cybertron. |
| 586 8# - AWARDS NOTE | |
| Awards note | Teen Choice Awards, 2007: Teen Choice Award - Choice Movie: Breakout Male (Shia LaBeouf) |
| 650 #0 - SUBJECT ADDED ENTRY--TOPICAL TERM | |
| Topical term or geographic name as entry element | Transformers (Fictitious characters) |
| Form subdivision | Drama. |
| 9 (RLIN) | 5702694 |
| 650 #0 - SUBJECT ADDED ENTRY--TOPICAL TERM | |
| Topical term or geographic name as entry element | Talismans |
| Form subdivision | Drama. |
| 9 (RLIN) | 5702695 |
| 650 #0 - SUBJECT ADDED ENTRY--TOPICAL TERM | |
| Topical term or geographic name as entry element | Maps |
| Form subdivision | Drama. |
| 9 (RLIN) | 5702696 |
| 650 #0 - SUBJECT ADDED ENTRY--TOPICAL TERM | |
| Topical term or geographic name as entry element | Battles |
| Form subdivision | Drama. |
| 9 (RLIN) | 5702697 |
| 650 #7 - SUBJECT ADDED ENTRY--TOPICAL TERM | |
| Topical term or geographic name as entry element | Talismanes |
| Form subdivision | Teatro. |
| Source of heading or term | bidex |
| 9 (RLIN) | 5702698 |
| 650 #7 - SUBJECT ADDED ENTRY--TOPICAL TERM | |
| Topical term or geographic name as entry element | Mapa |
| Form subdivision | Teatro. |
| Source of heading or term | bidex |
| 9 (RLIN) | 5702699 |
| 650 #7 - SUBJECT ADDED ENTRY--TOPICAL TERM | |
| Topical term or geographic name as entry element | Transformers (Fictitious characters) |
| Form subdivision | Drama. |
| Source of heading or term | sears |
| 9 (RLIN) | 5702694 |
| 650 #7 - SUBJECT ADDED ENTRY--TOPICAL TERM | |
| Topical term or geographic name as entry element | Charms |
| Form subdivision | Drama. |
| Source of heading or term | sears |
| 9 (RLIN) | 5702700 |
| 650 #7 - SUBJECT ADDED ENTRY--TOPICAL TERM | |
| Topical term or geographic name as entry element | Maps |
| Form subdivision | Drama. |
| Source of heading or term | sears |
| 9 (RLIN) | 5702696 |
| 650 #7 - SUBJECT ADDED ENTRY--TOPICAL TERM | |
| Topical term or geographic name as entry element | Battles |
| Form subdivision | Drama. |
| Source of heading or term | sears |
| 9 (RLIN) | 5702697 |
| 655 #0 - INDEX TERM--GENRE/FORM | |
| Genre/form data or focus term | Feature films. |
| 9 (RLIN) | 6178645 |
| 655 #0 - INDEX TERM--GENRE/FORM | |
| Genre/form data or focus term | Action and adventure films. |
| 9 (RLIN) | 5674017 |
| 655 #0 - INDEX TERM--GENRE/FORM | |
| Genre/form data or focus term | Fantasy films. |
| 9 (RLIN) | 6178646 |
| 655 #0 - INDEX TERM--GENRE/FORM | |
| Genre/form data or focus term | Video recordings for the hearing impaired. |
| 9 (RLIN) | 6178647 |
| 655 #7 - INDEX TERM--GENRE/FORM | |
| Genre/form data or focus term | Adventure |
| Form subdivision | Feature. |
| Source of term | local |
| 9 (RLIN) | 5692407 |
| 655 #7 - INDEX TERM--GENRE/FORM | |
| Genre/form data or focus term | Fantasy |
| Form subdivision | Feature. |
| Source of term | local |
| 9 (RLIN) | 5692408 |
| 700 1# - ADDED ENTRY--PERSONAL NAME | |
| Personal name | LaBeouf, Shia, |
| Dates associated with a name | 1986- |
| 9 (RLIN) | 69274 |
| 700 1# - ADDED ENTRY--PERSONAL NAME | |
| Personal name | Bryce, Ian. |
| 9 (RLIN) | 68150 |
| 700 1# - ADDED ENTRY--PERSONAL NAME | |
| Personal name | DeSanto, Tom. |
| 9 (RLIN) | 56588 |
| 700 1# - ADDED ENTRY--PERSONAL NAME | |
| Personal name | Di Bonaventura, Lorenzo. |
| 9 (RLIN) | 56219 |
| 700 1# - ADDED ENTRY--PERSONAL NAME | |
| Personal name | Murphy, Don, |
| Dates associated with a name | 1962- |
| 9 (RLIN) | 45236 |
| 700 1# - ADDED ENTRY--PERSONAL NAME | |
| Personal name | Rogers, John. |
| 9 (RLIN) | 4750 |
| 700 1# - ADDED ENTRY--PERSONAL NAME | |
| Personal name | Orci, Roberto. |
| 9 (RLIN) | 72545 |
| 700 1# - ADDED ENTRY--PERSONAL NAME | |
| Personal name | Kurtzman, Alex. |
| 9 (RLIN) | 55554 |
| 700 1# - ADDED ENTRY--PERSONAL NAME | |
| Personal name | Bay, Michael, |
| Dates associated with a name | 1964- |
| 9 (RLIN) | 65176 |
| 700 1# - ADDED ENTRY--PERSONAL NAME | |
| Personal name | Fox, Megan, |
| Dates associated with a name | 1986- |
| 9 (RLIN) | 72145 |
| 700 1# - ADDED ENTRY--PERSONAL NAME | |
| Personal name | Duhamel, Josh, |
| Dates associated with a name | 1972- |
| 9 (RLIN) | 71497 |
| 700 0# - ADDED ENTRY--PERSONAL NAME | |
| Personal name | Tyrese. |
| 9 (RLIN) | 69250 |
| 700 1# - ADDED ENTRY--PERSONAL NAME | |
| Personal name | Taylor, Rachael. |
| 9 (RLIN) | 5702702 |
| 700 1# - ADDED ENTRY--PERSONAL NAME | |
| Personal name | Anderson, Anthony, |
| Dates associated with a name | 1970- |
| 9 (RLIN) | 68981 |
| 700 1# - ADDED ENTRY--PERSONAL NAME | |
| Personal name | Voight, Jon, |
| Dates associated with a name | 1938- |
| 9 (RLIN) | 23753 |
| 700 1# - ADDED ENTRY--PERSONAL NAME | |
| Personal name | Turturro, John, |
| Dates associated with a name | 1957- |
| 9 (RLIN) | 63569 |
| 700 1# - ADDED ENTRY--PERSONAL NAME | |
| Personal name | Cullen, Peter. |
| 9 (RLIN) | 59268 |
| 700 1# - ADDED ENTRY--PERSONAL NAME | |
| Personal name | Ryan, Mark. |
| 9 (RLIN) | 40616 |
| 710 2# - ADDED ENTRY--CORPORATE NAME | |
| Corporate name or jurisdiction name as entry element | Dreamworks Pictures. |
| 9 (RLIN) | 64643 |
| 710 2# - ADDED ENTRY--CORPORATE NAME | |
| Corporate name or jurisdiction name as entry element | Hasbro, Inc. |
| 9 (RLIN) | 34812 |
| 710 2# - ADDED ENTRY--CORPORATE NAME | |
| Corporate name or jurisdiction name as entry element | Di Bonaventura Pictures (Firm) |
| 9 (RLIN) | 5702703 |
| 710 2# - ADDED ENTRY--CORPORATE NAME | |
| Corporate name or jurisdiction name as entry element | Paramount Pictures. |
| 9 (RLIN) | 34966 |
| 710 2# - ADDED ENTRY--CORPORATE NAME | |
| Corporate name or jurisdiction name as entry element | SprocketHeads (Firm) |
| 9 (RLIN) | 5702704 |
| 710 2# - ADDED ENTRY--CORPORATE NAME | |
| Corporate name or jurisdiction name as entry element | Thinkfilm (Firm) |
| 9 (RLIN) | 71462 |
| 710 2# - ADDED ENTRY--CORPORATE NAME | |
| Corporate name or jurisdiction name as entry element | Paramount Home Entertainment (Firm) |
| 9 (RLIN) | 72161 |
| 938 ## - | |
| -- | Baker and Taylor |
| -- | BTCP |
| -- | BEDDPA 345532 |
| 942 ## - ADDED ENTRY ELEMENTS (KOHA) | |
| Koha item type | DVD |
| 994 ## - | |
| -- | C0 |
| -- | UINTA |
| 998 ## - LOCAL CONTROL INFORMATION (RLIN) | |
| -- | a110774 |
| Withdrawn status | Lost status | Source of classification or shelving scheme | Damaged status | Not for loan | Collection code | Home library | Current library | Shelving location | Date acquired | Source of acquisition | Cost, normal purchase price | Total Checkouts | Total Renewals | Full call number | Barcode | Checked out | Date last seen | Date checked out | Cost, replacement price | Price effective from | Koha item type |
|---|---|---|---|---|---|---|---|---|---|---|---|---|---|---|---|---|---|---|---|---|---|
| Dewey Decimal Classification | Movies | Wasatch County Library | Wasatch County Library | Audio Visual Area | 08/28/2019 | Donation | 9.99 | 21 | 22 | DVD Tra | 34301001644329 | 03/23/2026 | 03/02/2026 | 03/02/2026 | 9.99 | 03/20/2020 | DVD |
